| 000 | 00499nam a2200181Ia 4500 | ||
|---|---|---|---|
| 999 |
_c1189 _d1189 |
||
| 003 | OSt | ||
| 005 | 20210121114306.0 | ||
| 008 | 190216s9999||||xx |||||||||||||| ||und|| | ||
| 040 | _coclc | ||
| 082 |
_a575.1 _bSRB/G |
||
| 100 |
_aSrb, Adrian M _98330 |
||
| 245 | 0 |
_aGeneral Genetics / _cAdrian M Srb ; R D Owen |
|
| 250 | _a2nd Ed. | ||
| 260 |
_bEurasia Publishing, _c1970. _aNew Delhi: |
||
| 300 | _a557p | ||
| 650 | _aBotany | ||
| 942 |
_cBK _2ddc _h575.1 _iSRB/G _k575.1 _mSRB/G |
||